000 00644nam a2200217Ia 4500
005 20241129111119.0
008 241129s9999||||xx |||||||||||||| ||und||
020 _a978-1-032-25005-2
037 _aTB
040 _aCRL
_beng
_cCRL
041 _aeng
_2eng
084 _aO111949G:g(NW) R3
_qCRL
100 _aMishra Gauri Au.
_9723362
245 0 _aGender and natinalism: perspective on partition fiction and cinema
_cMishra Gauri Au.
260 _aLondon, UK
_bRoutledge
_c2023
300 _axi,98p.
365 _aINR
_b995
650 _aEnglish Literature
942 _cTB
_hO111949G:g(NW) R3
999 _c1228985
_d1228985